00662nam a2200169 a 450000100100000000500170001000800410002702000150006804000250008308200160010824501230012426000810024730000210032804900090034995201190035899900150047700000535420200929151642.0090819s1990 sp 001 spa d a8400070941 aDO-SdBNPbspacBNPHU axxxxbN322c00aRisala fi awqat al-sana = un calendario anónimo andalusí /cedición, traducción y notas de M. angeles Navarro. aGranada, España :bConsejo Superior de Investigacion Científicas,c1990. a284 p. ;c24 cm. aBNPD 001054708MOaGRbGRcHDd2009-08-19iLF1l0oxxxx N322cp5354-10r2020-06-25w2020-06-25y4ZPréstamo en sala c5155d5155